UM Logo

"STAR WARS" : The First Jedi" Gamification : (Record no. 24341)

MARC details
000 -LEADER
fixed length control field 00897nam a22002057a 4500
003 - CONTROL NUMBER IDENTIFIER
control field OSt
005 - DATE AND TIME OF LATEST TRANSACTION
control field 20260216163226.0
008 - FIXED-LENGTH DATA ELEMENTS--GENERAL INFORMATION
fixed length control field 260216b |||||||| |||| 00| 0 eng d
040 ## - CATALOGING SOURCE
Transcribing agency 0
082 ## - DEWEY DECIMAL CLASSIFICATION NUMBER
Classification number DPer 796.07 J826 January-October 2023 v. 42 n. 1-4
100 ## - MAIN ENTRY--PERSONAL NAME
Personal name Mora-Gonzales, Jose
Relator term author.
9 (RLIN) 69778
245 ## - TITLE STATEMENT
Title "STAR WARS" : The First Jedi" Gamification :
Remainder of title Improvement of Fitness Among College Students /
Statement of responsibility, etc. Jose Mora-Gonzales, Carmen Navarro-Mateos, and Isaac J. Pérez-López.
260 ## - PUBLICATION, DISTRIBUTION, ETC. (IMPRINT)
Place of publication, distribution, etc. Champaign, IL ;
Name of publisher, distributor, etc. Human Kinetics, Inc. ,
Date of publication, distribution, etc. July 2023.
300 ## - PHYSICAL DESCRIPTION
Extent Volume 42, pages 502-210 :
Other physical details illustration ;
Dimensions 29 cm.
500 ## - GENERAL NOTE
General note Journal of Teaching in Physical Education, vol. 42 no. 3, pages 502-510, July 2023.
700 ## - ADDED ENTRY--PERSONAL NAME
Personal name Mora-Gonzales, Jose
Relator term author.
9 (RLIN) 69778
700 ## - ADDED ENTRY--PERSONAL NAME
Personal name Navarro-Mateos, Carmen
Relator term author.
9 (RLIN) 69779
700 ## - ADDED ENTRY--PERSONAL NAME
Personal name Pérez-López, Isaac J.
Relator term author.
9 (RLIN) 69780
942 ## - ADDED ENTRY ELEMENTS (KOHA)
Source of classification or shelving scheme Dewey Decimal Classification
Koha item type Periodicals
Holdings
Withdrawn status Lost status Source of classification or shelving scheme Damaged status Not for loan Collection code Home library Current library Date acquired Total Checkouts Full call number Date last seen Price effective from Koha item type Public note
    Dewey Decimal Classification     Periodicals UM Digos College - LIC UM Digos College - LIC 02/16/2026   DPer 796.07 J826 January-October 2023 v. 42 n. 1-4 02/16/2026   Periodicals Periodical Article